000
00310 a2200157 4500
001
182954
020
_a
850071327-5
040
_c
Magnum
100
_a
Pena, Martins
240
1
0
_a
Comédias
_l
por
245
1
0
_a
Comédias
300
_a
349
440
1
_a
Ediouro
697
_a
LITERATURA GERAL
942
_c
BK
999
_c
182954
_d
182954